Statistics for Countries with a Higher Male Population

Click here to take the quiz!

General Stats

  • This quiz has been taken 37 times
  • The average score is 7 of 15

Answer Stats

Male to Female RatioAnswer% Correct
1.18Saudi Arabia
73%
1.08India
67%
2.19United Arab Emirates
67%
1.24Bahrain
63%
1.54Kuwait
63%
1.09Pakistan
63%
2Qatar
63%
1.22Oman
60%
1.1Jordan
43%
1.1Bhutan
33%
1.14Palau
17%
1.09Faroe Islands
10%
1.12Greenland
10%
1.08Mayotte
10%
1.14Saint Barthelemy
10%

Score Distribution

Percentile by Number Answered

Percent of People with Each Score

Your Score History

You have not taken this quiz